| 000 | 01999nam a2200445Ii 4500 | ||
|---|---|---|---|
| 001 | DIGSCR0131 | ||
| 003 | NyNyDIG | ||
| 006 | m o d | ||
| 007 | cr ||||||||||| | ||
| 008 | 060516s2006 mdu ob 000 eng d | ||
| 020 | _z1882528476 | ||
| 020 | _z9781882528479 | ||
| 035 | _a(OCoLC)666914953 | ||
| 040 |
_aDGITA _beng _epn _cDGITA |
||
| 041 | 0 |
_aeng _aspa |
|
| 050 | 1 | 4 | _aPQ6639.N3 eBook |
| 100 | 1 | _aStrzeszewski, Mary Ruth. | |
| 245 | 1 | 4 |
_aThe writer in the landscape : _bauthorial self-representation and literary form in the landscape writings of Unamuno and Azorín / _cby Mary Ruth Strzeszewski. |
| 246 | 3 | 0 | _aAuthorial self-representation and literary form in the landscape writings of Unamuno and Azorín. |
| 246 | 3 | 0 | _aWritings of Unamuno and Azorín. |
| 264 | 1 |
_aPotomac, Md., U.S.A. : _bScripta Humanistica, _c2006. |
|
| 300 | _a1 online resource (vii, 151 pages) | ||
| 336 |
_atext _btxt _2rdacontent |
||
| 337 |
_acomputer _bc _2rdamedia |
||
| 338 |
_aonline resource _bcr _2rdacarrier |
||
| 490 | 1 |
_aScripta Humanistica ; _v157. |
|
| 504 | _aIncludes bibliographical references (p. 145-151). | ||
| 505 | 0 | 0 |
_gCh. 1. _tLandscape and the intellectual in the early novels of Unamuno and J. Martinez Ruiz : from margin to center -- _g Ch. 2. _tFirst contact : landscape as formative influence -- _g Ch. 3. _tThe intellectual as orphan -- _g Ch. 4. _tThe artist-intellectual on the road. |
| 546 | _aSome quoted passages in Spanish | ||
| 600 | 1 | 0 |
_aUnamuno, Miguel de, _d1864-1936 _xCriticism and interpretation. |
| 600 | 1 | 0 |
_aAzorín, _d1873-1967 _xCriticism and interpretation. |
| 650 | 0 | _aLandscape in literature. | |
| 655 | 0 | _aElectronic books. | |
| 791 | 2 |
_aDigitalia (Firm), _edistributor. |
|
| 830 | 0 |
_aScripta Humanistica (Series) ; _v157. |
|
| 793 | 0 |
_gDigitalia eBook Collection: _aScripta Humanistica. |
|
| 856 | 4 | 0 |
_3Digitalia Hispánica _uhttps://www.digitaliapublishing.com/a/301/ |
| 910 | _aPremium Collection: 2007-2012 | ||
| 942 | _cRAA | ||
| 999 |
_c229391 _d229391 |
||